000 00378nam a2200169Ia 4500
001 9345
003 IN-NITTTR
005 20251114233046.0
008 251113s9999||||xx |||||||||||||| ||eng||
040 _beng
040 _cIN-NITTTR
041 _aeng
082 _a658 G522M
100 _aGlueck, William F.
245 0 _aManagement. /
_cGlueck, William F.
942 _2ddc
_cBK
999 _c11982
_d11982